00621nam a2200193Ia 4500008004100000020001500041082001500056100002100071245006300092250000800155260003000163300002900193500001900222600001500241650001500256942000700271952013200278999001700410240925s9999 xx 000 0 und d a1403936048 a658.05 FAR aFarhoomand, Ali. 0aManaging (e) Business Transformatiom: a global perspective a1st aLondon:bPalgravec,2005. axvii, 588p.b0fOriginal aIncludes Index aManagement aManagement cBK 001040708MANaUITUbUITUd2018-12-08eShahid Book Centerg625.00l0o658.05 FARpQ12109r2024-09-25 07:16:19w2024-09-25yBK c14608d14608